000 01084cam a2200313 a 4500
001 6014
003 FISKH
005 20250220114807.0
008 040510s2005 nyu d 000 1 eng
010 _a 2004010827
020 _a0525475060
020 _a9780142402511
_c$16.00
040 _aDLC
_cDLC
_dDLC
_beng
050 _aPZ7.G8233 L
082 _a813.6
100 1 _aGreen, John,
_d1977-
245 1 0 _aLooking for Alaska /
_cJohn Green.
250 _aAdditional content for this edition 2019 by John Green
260 _aNew York :
_bPenguin Books,
_c2005.
300 _a221 pages :
_c21 cm
520 _aSixteen-year-old Miles' first year at Culver Creek Preparatory School in Alabama includes good friends and great pranks, but is defined by the search for answers about life and death after a fatal car crash.
650 1 _aInterpersonal relations
_vFiction.
650 1 _aBoarding schools
_vFiction.
650 1 _aSchools
_vFiction.
650 1 _aDeath
_vFiction.
906 _a7
_bcbc
_corignew
_d1
_eecip
_f20
_gy-gencatlg
942 _2ddc
_cBK
_n0
999 _c6014
_d6014